[Event "Esbjerg Efterår 2019"]
[Site "?"]
[Date "2019.10.20"]
[Round "6.11"]
[White "Husum, Lars"]
[Black "Ehrenreich, Simon"]
[Result "0-1"]
[BlackElo "1848"]
[WhiteElo "1847"]
[LiveChessVersion "1.4.8"]

1. d4 {[%clk 1:30:42]} g6 {[%clk 1:30:48]} 2. Bf4 {[%clk 1:29:25]} Bg7
{[%clk 1:30:55]} 3. e3 {[%clk 1:29:47]} d6 {[%clk 1:31:09]} 4. Bd3
{[%clk 1:28:11]} a6 {[%clk 1:30:49]} 5. c3 {[%clk 1:25:50]} b5 {[%clk 1:28:29]}
6. Nf3 {[%clk 1:15:58]} Bb7 {[%clk 1:27:47]} 7. a4 {[%clk 1:11:13]} c6
{[%clk 1:19:13]} 8. O-O {[%clk 1:07:59]} Nd7 {[%clk 1:15:33]} 9. e4
{[%clk 0:59:36]} e5 {[%clk 1:12:41]} 10. Bg3 {[%clk 0:56:36]} Ne7
{[%clk 1:06:37]} 11. Nbd2 {[%clk 0:50:11]} O-O {[%clk 1:04:57]} 12. Re1
{[%clk 0:48:37]} Qb6 {[%clk 1:00:30]} 13. Qb3 {[%clk 0:34:56]} Qc7
{[%clk 0:41:58]} 14. Rac1 {[%clk 0:30:24]} Nb6 {[%clk 0:39:31]} 15. axb5
{[%clk 0:26:33]} axb5 {[%clk 0:38:52]} 16. dxe5 {[%clk 0:20:24]} dxe5
{[%clk 0:38:36]} 17. c4 {[%clk 0:20:19]} bxc4 {[%clk 0:38:13]} 18. Nxc4
{[%clk 0:18:30]} Nxc4 {[%clk 0:38:10]} 19. Bxc4 {[%clk 0:18:05]} Ba6
{[%clk 0:37:02]} 20. Bxa6 {[%clk 0:14:05]} Rxa6 {[%clk 0:37:17]} 21. Rc5
{[%clk 0:13:11]} Ra5 {[%clk 0:34:20]} 22. Qc3 {[%clk 0:11:42]} Rxc5
{[%clk 0:34:24]} 23. Qxc5 {[%clk 0:12:07]} Rb8 {[%clk 0:34:12]} 24. Nxe5
{[%clk 0:11:50]} Rb5 {[%clk 0:28:49]} 25. Nxg6 {[%clk 0:08:19]} Rxc5
{[%clk 0:28:55]} 26. Bxc7 {[%clk 0:08:43]} Nxg6 {[%clk 0:29:17]} 27. Bd6
{[%clk 0:03:40]} Rc2 {[%clk 0:27:52]} 28. b4 {[%clk 0:03:48]} Bd4
{[%clk 0:27:55]} 29. Rf1 {[%clk 0:03:15]} Ne5 {[%clk 0:27:30]} 30. h3
{[%clk 0:01:34]} Nc4 {[%clk 0:22:39]} 31. Be7 {[%clk 0:01:29]} f6
{[%clk 0:20:59]} 32. g3 {[%clk 0:01:18]} Kf7 {[%clk 0:20:55]} 33. Bd8
{[%clk 0:01:38]} Nd2 {[%clk 0:16:23]} 34. Rd1 {[%clk 0:01:39]} Nf3+
{[%clk 0:16:47]} 0-1

[Event "Esbjerg Efterår 2019"]
[Site "?"]
[Date "2019.10.20"]
[Round "6.12"]
[White "Lindgaard, Tobias Simon"]
[Black "Rasmussen, Bjarne Meldgaard"]
[Result "0-1"]
[BlackElo "1823"]
[WhiteElo "1789"]
[LiveChessVersion "1.4.8"]

1. Nc3 {[%clk 1:30:44]} e5 {[%clk 1:28:51]} 2. e3 {[%clk 1:30:35]} d5
{[%clk 1:27:39]} 3. d4 {[%clk 1:30:45]} e4 {[%clk 1:25:59]} 4. f3
{[%clk 1:30:50]} Nf6 {[%clk 1:18:23]} 5. fxe4 {[%clk 1:27:54]} dxe4
{[%clk 1:18:29]} 6. Bc4 {[%clk 1:27:03]} c6 {[%clk 1:16:16]} 7. a4
{[%clk 1:19:29]} Bd6 {[%clk 1:12:20]} 8. Nge2 {[%clk 1:12:51]} Qc7
{[%clk 1:11:12]} 9. Nf4 {[%clk 0:58:22]} Bg4 {[%clk 1:03:15]} 10. Be2
{[%clk 0:58:10]} Bxe2 {[%clk 1:00:46]} 11. Qxe2 {[%clk 0:56:10]} Nbd7
{[%clk 0:47:23]} 12. h4 {[%clk 0:52:16]} h5 {[%clk 0:45:50]} 13. Bd2
{[%clk 0:49:40]} O-O-O {[%clk 0:35:51]} 14. a5 {[%clk 0:29:41]} Bxf4
{[%clk 0:28:45]} 15. exf4 {[%clk 0:29:47]} e3 {[%clk 0:26:16]} 16. Bxe3
{[%clk 0:26:10]} Ng4 {[%clk 0:26:00]} 17. O-O {[%clk 0:25:11]} Rhe8
{[%clk 0:20:15]} 18. Rf3 {[%clk 0:23:56]} Qd6 {[%clk 0:14:32]} 19. a6
{[%clk 0:11:01]} b6 {[%clk 0:14:17]} 20. Raf1 {[%clk 0:10:16]} Nxe3
{[%clk 0:12:59]} 21. Rxe3 {[%clk 0:10:35]} Qxd4 {[%clk 0:13:00]} 22. Rff3
{[%clk 0:10:49]} Nf6 {[%clk 0:12:08]} 23. Kh1 {[%clk 0:10:53]} Rxe3
{[%clk 0:10:04]} 24. Rxe3 {[%clk 0:10:44]} Qxf4 {[%clk 0:08:51]} 25. g3
{[%clk 0:09:56]} Qf5 {[%clk 0:08:54]} 26. Kg2 {[%clk 0:09:49]} Nd5
{[%clk 0:06:09]} 27. Nxd5 {[%clk 0:09:02]} Qxd5+ {[%clk 0:06:29]} 28. Kf2
{[%clk 0:09:13]} Qf5+ {[%clk 0:06:13]} 29. Rf3 {[%clk 0:08:57]} Qc5+
{[%clk 0:05:20]} 30. Kg2 {[%clk 0:08:36]} Qd5 {[%clk 0:05:21]} 31. Kf2
{[%clk 0:07:50]} f6 {[%clk 0:05:22]} 32. Rd3 {[%clk 0:07:17]} Qc5+
{[%clk 0:05:15]} 33. Re3 {[%clk 0:07:34]} Re8 {[%clk 0:05:12]} 34. Kf3
{[%clk 0:07:41]} Qxe3+ {[%clk 0:05:20]} 35. Qxe3 {[%clk 0:08:02]} Rxe3+
{[%clk 0:05:40]} 36. Kxe3 {[%clk 0:08:30]} Kd7 {[%clk 0:06:04]} 37. Kd3
{[%clk 0:08:39]} Kd6 {[%clk 0:06:26]} 38. Kd4 {[%clk 0:09:01]} g5
{[%clk 0:06:30]} 39. Ke4 {[%clk 0:08:18]} Ke6 {[%clk 0:05:13]} 0-1